000 01357nam0a22003251 4500
001 rc\351139
005 20240521110341.0
035 _a(NLR Aleph) 005565639
090 _a5957973
_c5957973
100 _a20030307d1989 u |0rusy50 ca
101 0 _arus
102 _aRU
105 _ay |||||||||
200 1 _aНефтегазоносные комплексы СССР
_fГ.Х. Дикенштейн, М.Т. Аванесян, Г.А. Аржевский
210 _aМ.
_cВИЭМС
_d1989
215 _a52 с.
_d20
225 1 _aГеология, методы поисков и разведки месторождений нефти и газа
_eОбзор. информ.
_fВНИИ экономики минер. сырья и геол.-развед. работ
_vВып. 1
225 1 _aОбзор
300 _aНа обл. авт. не указаны
300 _aВ надзаг. также: М-во геологии СССР
320 _aБиблиогр.: с. 49-51
700 1 _aДикенштейн
_bГ. Х.
_gГригорий Хаймович
701 1 _aАванесян
_bМ. Т.
_gМушег Тевосович
701 1 _aАржевский
_bГ. А.
_f1919-
_gГерман Айзикович
801 0 _aRU
_bNLR
_gpsbo
801 1 _aRU
_bELAR
_2rusmarc
852 _aNLR
_jП51/792
942 _cBOOK
980 _aNB